000 01158nam a2200313 i 4500
003 EG-GICUC
005 20260423102130.0
008 260423s1846 fr fr|||| 001 0 fre d
040 _aEG-GiCUC
_bfre
_cEG-GiCUC
_dEG-GiCUC
_eRda
041 0 _afre
082 0 4 _221
_a343.425
_bCH . T
092 0 4 _221
099 _aLaw1 10 343.425 CH . T 1 ed - 1846
100 1 _a Chassan, M.
_eAuteur
245 1 0 _a Traité Des Délits Et Contraventions De La Parole, De L'écriture Et De La Presse /
_nTome Deuxième,
_cPar M. Chassan.
250 _a Deuxième Édition,
_bRevue, Corriget Et Considérablement Augmenték.
264 _aParis :
_bVidecoq Père Et Fils, Libraires-éditeurs, Place Du Panthéon,
_c1846.
300 _a 896page :
_billustrations;
_c 24 cm.
336 _2rda contenu
_a texte
337 _2rda medias
_aOrdinateur
338 _2 transporteur rda
_a Ressource en ligne
504 _aComprend des références bibliographiques.
546 _aTexte en français
650 1 4 _aDroit pénal.
_2qrmak
651 1 _2qrmak
856 4 0 _uhttps://fll.law.cu.edu.eg/fulltext/bks/B10-11295.pdf
905 _a171
942 _2ddc
_cBK
_e21
_n0
999 _c72967
_d72967